000 00747nam a22002177a 4500
003 OSt
005 20250221164639.0
008 230926b ||||| |||| 00| 0 eng d
040 _c0
082 _aDPer 379.1 J826 Winter - Spring 2020 v. 45 n. 3-4
100 _aSutton, Lenford.
_eauthor.
_949165
245 _aIllinois /
_cLenford Sutton.
260 _aUnited States ;
_bUniversity of Illinois Press and Johns Hopkins University Press,
_cWinter 2020.
300 _avolume 45, pages 290-292.
500 _aJournal of Education Finance, v. 45 n. 3, pages 290-292, Winter 2020.
650 _aFinance.
_949166
650 _aBudget.
_949167
650 _aEducation.
_949168
700 _aSutton, Lenford.
_eauthor.
_949165
942 _2ddc
_cPER
999 _c18227
_d18227